Paradoja, metáfora y símbolo en "Débil del alba" de Pablo Neruda /
Resumen: Analiza "Débil del alba" de Pablo Neruda y señala que este poema en su totalidad reuniría y otorgaría significado a todas las paradojas y metáforas, lo cual da fundamento artístico al texto como símbolo de la condición del hombre.
Guardat en:
| Autor principal: | |
|---|---|
| Format: | Desconegut |
| Idioma: | Spanish |
| Matèries: | |
| Etiquetes: |
Afegir etiqueta
Sense etiquetes, Sigues el primer a etiquetar aquest registre!
|
MARC
| LEADER | 000000000a22000000004500 | ||
|---|---|---|---|
| 001 | 008856 | ||
| 041 | 0 | |a spa | |
| 100 | 1 | |a Macaya Trejos, Emilia | |
| 245 | 1 | 0 | |a Paradoja, metáfora y símbolo en "Débil del alba" de Pablo Neruda / |c Emilia Macaya Trejos. |
| 310 | |a Semestral | ||
| 520 | |a Resumen: Analiza "Débil del alba" de Pablo Neruda y señala que este poema en su totalidad reuniría y otorgaría significado a todas las paradojas y metáforas, lo cual da fundamento artístico al texto como símbolo de la condición del hombre. | ||
| 650 | 4 | |a LITERATURA CHILENA | |
| 650 | 4 | |a NERUDA, PABLO, (SEUD.), 1904-1973 | |
| 650 | 4 | |a DEBIL DEL ALBA | |
| 650 | 4 | |a POESIA | |
| 650 | 4 | |a ANALISIS LITERARIO | |
| 773 | 0 | |d San José, Costa Rica : Editorial de la Universidad de Costa Rica |t Revista de Filología y Lingüística de la Universidad de Costa Rica |g volumen 7, número 1-2 (1981), páginas 117-120 | |
| 942 | |c ARC | ||
| 999 | |c 14865 |d 14865 | ||
